000 00424nam a2200133Ia 4500
008 100328s9999 xx 000 0 und d
082 _b65199
100 _aदळवी प्रदीप.
245 _aसागरा अगस्ती आला.
260 _bसानिया.
630 _aसागरा अगस्ती आला.
730 _aसागरा अगस्ती आला.
942 _cBOOK
999 _c550947
_d550944